[Event "BPB Limburg open veteranen"]
[Site "Maastricht"]
[Date "2014.06.07"]
[Round "2"]
[White "Juenger, Leonhard"]
[Black "Schotanus, Fred"]
[Result "1-0"]
[WhiteElo "1823"]
[BlackElo "1805"]
[PlyCount "98"]
[EventDate "2014.06.06"]
[EventType "swiss"]
[EventRounds "5"]
[EventCountry "NED"]
[Source "P.Boonen"]
[SourceDate "2014.10.10"]

1. e4 d6 2. d4 g6 3. f4 Bg7 4. Nf3 Nf6 5. Nc3 O-O 6. Be2 c5 7. d5 a6 8. a4 b6
9. O-O Ne8 10. Be3 Qc7 11. Kh1 Bd7 12. Qe1 Qd8 13. Qh4 Nc7 14. f5 f6 15. g4 g5
16. Qg3 Be8 17. h4 h6 18. Kg2 Nd7 19. Rh1 Ne5 20. Qh3 Nxf3 21. Kxf3 Rf7 22. Rh2
b5 23. a5 b4 24. Na4 Bxa4 25. Rxa4 Qd7 26. Ra1 Kf8 27. Rah1 e5 28. fxe6 Nxe6
29. dxe6 Qxe6 30. Rd1 Re7 31. Kf2 Rd8 32. Qf3 Qe5 33. Rhh1 Rde8 34. Bc1 Qe6 35.
hxg5 hxg5 36. Qf5 Qxe4 37. Qxe4 Rxe4 38. Rhe1 f5 39. Bf3 Bd4+ 40. Kf1 R4e5 41.
Rxe5 Rxe5 42. Re1 fxg4 43. Rxe5 Bxe5 44. Bb7 Bf6 45. Bxa6 Bd8 46. Bc8 Bxa5 47.
Bxg5 g3 48. Bf4 g2+ 49. Kxg2 Bc7 {.....} 1-0

[Event "BPB Limburg open veteranen"]
[Site "Maastricht"]
[Date "2014.06.07"]
[Round "2"]
[White "Klein, Leo"]
[Black "Van Pol, Thieu"]
[Result "1/2-1/2"]
[WhiteElo "1937"]
[BlackElo "1649"]
[PlyCount "120"]
[EventDate "2014.06.06"]
[EventType "swiss"]
[EventRounds "5"]
[EventCountry "NED"]
[Source "P.Boonen"]
[SourceDate "2014.10.10"]

1. d4 Nf6 2. Bf4 d6 3. e3 g6 4. Be2 Bg7 5. c3 Nbd7 6. h3 O-O 7. Nf3 Re8 8. Bc4
d5 9. Be2 c6 10. Nbd2 Qb6 11. b3 Nf8 12. O-O N6d7 13. e4 dxe4 14. Nxe4 Nf6 15.
Nxf6+ Bxf6 16. Be5 Nd7 17. Bc4 Nxe5 18. dxe5 Bg7 19. Ng5 e6 20. Qe2 Qc7 21. Nf3
b5 22. Bd3 Bb7 23. Rfe1 a6 24. Rac1 c5 25. c4 b4 26. Be4 Bxe4 27. Qxe4 Rad8 28.
Rcd1 Rxd1 29. Rxd1 Rd8 30. Re1 a5 31. h4 Qa7 32. h5 a4 33. hxg6 hxg6 34. Qh4
Rd7 35. g3 axb3 36. axb3 Qa2 37. Re3 Qb1+ 38. Kg2 Rd3 39. Qe4 Rxb3 40. Qa8+ Bf8
41. Nd2 Qc2 42. Nxb3 Qxc4 43. Nd2 Qd4 44. Ne4 Qxe5 45. Qd8 Kg7 46. Ng5 Qd5+ 47.
Qxd5 exd5 48. Rf3 f5 49. Ne6+ Kf7 50. Nxf8 Kxf8 51. Rd3 d4 52. Kf3 Ke7 53. Ke2
Ke6 54. Kd2 Kd5 55. Kc2 c4 56. Rd2 d3+ 57. Kc1 Kd4 58. Rb2 b3 59. Rd2 Kc3 60.
Rb2 Kb4 {.....} 1/2-1/2

[Event "BPB Limburg open veteranen"]
[Site "Maastricht"]
[Date "2014.06.07"]
[Round "2"]
[White "Simonis, Peter"]
[Black "Schreinemachers, Jo"]
[Result "1-0"]
[WhiteElo "1672"]
[BlackElo "1478"]
[PlyCount "105"]
[EventDate "2014.06.06"]
[EventType "swiss"]
[EventRounds "5"]
[EventCountry "NED"]
[Source "P.Boonen"]
[SourceDate "2014.10.10"]

1. e4 c6 2. d4 d5 3. e5 Bf5 4. h4 h5 5. c4 dxc4 6. Bxc4 e6 7. Nc3 Nd7 8. Nge2
Ne7 9. Ng3 Bg6 10. Bg5 Qb6 11. Bb3 Nd5 12. O-O Bb4 13. Rc1 Qa5 14. Nxd5 cxd5
15. a3 Bf8 16. Ba4 Be7 17. Bxd7+ Kxd7 18. Bxe7 Kxe7 19. Qb3 Rab8 20. Rc5 Qd8
21. Rfc1 Kf8 22. Rc7 Kg8 23. Rxb7 Rxb7 24. Qxb7 Qxh4 25. Qxa7 Kh7 26. b4 Qf4
27. Qc5 h4 28. Nf1 Bd3 29. Ne3 Kg6 30. Qc3 Be4 31. f3 Bf5 32. Nxf5 Kxf5 33.
Qd3+ Kg5 34. Rc2 h3 35. Qd2 hxg2 36. Qxf4+ Kxf4 37. Kxg2 Ke3 38. b5 Kxd4 39. f4
Ra8 40. Ra2 Kc4 41. a4 f6 42. b6 Rb8 43. a5 Kb5 44. Kf3 fxe5 45. fxe5 Ka6 46.
Ke3 Rf8 47. Kd4 Rc8 48. Ra3 Rc4+ 49. Kd3 Rc8 50. Rb3 Kb7 51. a6+ Kb8 52. a7+
Ka8 53. b7+ 1-0

[Event "BPB Limburg open veteranen"]
[Site "Maastricht"]
[Date "2014.06.08"]
[Round "3"]
[White "De Wit, Gerrit"]
[Black "Schotanus, Fred"]
[Result "0-1"]
[WhiteElo "1702"]
[BlackElo "1805"]
[PlyCount "54"]
[EventDate "2014.06.06"]
[EventType "swiss"]
[EventRounds "5"]
[EventCountry "NED"]
[Source "P.Boonen"]
[SourceDate "2014.10.10"]

1. e4 d6 2. d4 g6 3. Bd3 Bg7 4. c3 Nf6 5. f4 e6 6. Nf3 O-O 7. O-O Nc6 8. a3 a5
9. Re1 b6 10. Qe2 Nd7 11. Nbd2 e5 12. d5 Ne7 13. f5 Nc5 14. fxg6 fxg6 15. Bc2
h6 16. h3 g5 17. Nh2 Ng6 18. Ndf1 Nf4 19. Bxf4 exf4 20. b4 Nd7 21. Qd2 Ne5 22.
Bb3 Qf6 23. Rac1 h5 24. Bd1 g4 25. hxg4 hxg4 26. Nxg4 Bxg4 27. Bxg4 Nxg4 0-1

[Event "BPB Limburg open veteranen"]
[Site "Maastricht"]
[Date "2014.06.08"]
[Round "3"]
[White "Juenger, Leonhard"]
[Black "Debusschere, Helmut"]
[Result "1/2-1/2"]
[WhiteElo "1823"]
[BlackElo "1769"]
[PlyCount "97"]
[EventDate "2014.06.06"]
[EventType "swiss"]
[EventRounds "5"]
[EventCountry "NED"]
[Source "P.Boonen"]
[SourceDate "2014.10.10"]

1. e4 c5 2. Nf3 Nc6 3. d4 cxd4 4. Nxd4 e5 5. Nb5 d6 6. N1c3 a6 7. Na3 Nf6 8.
Bg5 Be7 9. Bxf6 gxf6 10. Nd5 Bf8 11. Bd3 Be6 12. c3 f5 13. O-O f4 14. Be2 Bg7
15. Bf3 O-O 16. Nc2 Bxd5 17. Qxd5 Qe7 18. Rfd1 Rad8 19. Rd2 Rfe8 20. Rad1 Bf8
21. Bg4 Qg5 22. f3 Qe7 23. Qc4 Qc7 24. Kh1 Qb6 25. b3 Ne7 26. Nb4 a5 27. Nd3
Ng6 28. Nb2 Re7 29. Qd3 Qc6 30. c4 Rc7 31. Na4 Ne7 32. Nc3 Qc5 33. Nb5 Rc6 34.
Qf1 Ng6 35. Rd5 Qb6 36. Nc3 Ne7 37. Rb5 Qc7 38. Qf2 b6 39. Na4 Rb8 40. Qh4 Ng6
41. Qh5 Qe7 42. Qf5 Rb7 43. Nc3 Qh4 44. Nd5 Qf2 45. Nf6+ Kg7 46. Nh5+ Kg8 47.
Nf6+ Kg7 48. Nh5+ Kg8 49. Nf6+ 1/2-1/2

[Event "BPB Limburg open veteranen"]
[Site "Maastricht"]
[Date "2014.06.08"]
[Round "3"]
[White "Schmitz, Martin"]
[Black "Borsten, Chris"]
[Result "1-0"]
[WhiteElo "1927"]
[BlackElo "1522"]
[PlyCount "49"]
[EventDate "2014.06.06"]
[EventType "swiss"]
[EventRounds "5"]
[EventCountry "NED"]
[Source "P.Boonen"]
[SourceDate "2014.10.10"]

1. e4 e5 2. Bc4 Bc5 3. Nf3 Nc6 4. c3 Nf6 5. d4 exd4 6. e5 Ng4 7. cxd4 Bb4+ 8.
Nc3 Bxc3+ 9. bxc3 d5 10. exd6 Qxd6 11. O-O O-O 12. Bd3 Ne7 13. h3 Nf6 14. a4
Re8 15. Ba3 Qd8 16. Ne5 Ng6 17. f4 Nd5 18. Qh5 Qh4 19. Bxg6 Qxh5 20. Bxh5 g6
21. Bf3 Nxc3 22. Rac1 Nxa4 23. Bd5 Be6 24. Bxb7 Rad8 25. Bc6 1-0

[Event "BPB Limburg open veteranen"]
[Site "Maastricht"]
[Date "2014.06.08"]
[Round "3"]
[White "Simonis, Peter"]
[Black "Klein, Leo"]
[Result "0-1"]
[WhiteElo "1672"]
[BlackElo "1937"]
[PlyCount "46"]
[EventDate "2014.06.06"]
[EventType "swiss"]
[EventRounds "5"]
[EventCountry "NED"]
[Source "P.Boonen"]
[SourceDate "2014.10.10"]

1. e4 c6 2. d4 d6 3. Nf3 Bg4 4. h3 Bh5 5. Be3 Nf6 6. Nc3 Nbd7 7. Be2 Qa5 8. Nd2
Bxe2 9. Qxe2 e5 10. Nb3 Qc7 11. O-O-O Be7 12. dxe5 dxe5 13. f3 O-O 14. g4 b5
15. h4 b4 16. Na4 c5 17. Qc4 Nb6 18. Nxb6 axb6 19. h5 Rxa2 20. g5 Nd7 21. Rxd7
Qxd7 22. Rd1 Qa4 23. Rd3 b5 0-1

[Event "BPB Limburg open veteranen"]
[Site "Maastricht"]
[Date "2014.06.08"]
[Round "3"]
[White "Van Pol, Thieu"]
[Black "Schreinemachers, Jo"]
[Result "1-0"]
[WhiteElo "1649"]
[BlackElo "1478"]
[PlyCount "59"]
[EventDate "2014.06.06"]
[EventType "swiss"]
[EventRounds "5"]
[EventCountry "NED"]
[Source "P.Boonen"]
[SourceDate "2014.10.10"]

1. d4 d5 2. Bf4 Nf6 3. e3 c5 4. c3 Nc6 5. dxc5 a5 6. Nd2 e6 7. Bb5 Bxc5 8. Ngf3
O-O 9. Bxc6 bxc6 10. Ne5 Bb7 11. Qa4 Qb6 12. Rb1 Rfd8 13. Bg5 Be7 14. O-O h6
15. Bh4 Ba6 16. c4 g5 17. Nxc6 Rd7 18. Nxe7+ Rxe7 19. Bg3 dxc4 20. Nxc4 Bxc4
21. Qxc4 Nd5 22. Qe2 Rd7 23. h4 f5 24. hxg5 hxg5 25. Be5 g4 26. e4 Nb4 27. exf5
exf5 28. Qc4+ Kh7 29. Qf4 Nd3 30. Qxf5+ 1-0

[Event "BPB Limburg open veteranen"]
[Site "Maastricht"]
[Date "2014.06.09"]
[Round "4"]
[White "Borsten, Chris"]
[Black "Van Pol, Thieu"]
[Result "0-1"]
[WhiteElo "1522"]
[BlackElo "1649"]
[PlyCount "68"]
[EventDate "2014.06.06"]
[EventType "swiss"]
[EventRounds "5"]
[EventCountry "NED"]
[Source "P.Boonen"]
[SourceDate "2014.10.10"]

1. e4 d5 2. exd5 Qxd5 3. Nc3 Qa5 4. d4 c6 5. Nf3 Bg4 6. Be2 Nf6 7. Bd2 Qb6 8.
Na4 Qd8 9. Bb4 b5 10. Nc5 a5 11. Bd2 Bxf3 12. Bxf3 Qxd4 13. Nb3 Qxb2 14. Bxa5
Qe5+ 15. Qe2 Qxe2+ 16. Kxe2 e6 17. Bc7 Nd5 18. Be5 f6 19. Bb2 Be7 20. Rhd1 Kf7
21. g3 Na6 22. Nd4 Rhc8 23. a4 b4 24. c3 bxc3 25. Ba3 Nab4 26. Bxb4 Bxb4 27.
Kd3 c5 28. Nb5 c4+ 29. Kc2 Rd8 30. Bxd5 exd5 31. Nc7 d4 32. Rxd4 Rxd4 33. Nxa8
Rd2+ 34. Kc1 Rxf2 0-1

[Event "BPB Limburg open veteranen"]
[Site "Maastricht"]
[Date "2014.06.09"]
[Round "4"]
[White "Debusschere, Helmut"]
[Black "Klein, Leo"]
[Result "0-1"]
[WhiteElo "1769"]
[BlackElo "1937"]
[PlyCount "61"]
[EventDate "2014.06.06"]
[EventType "swiss"]
[EventRounds "5"]
[EventCountry "NED"]
[Source "P.Boonen"]
[SourceDate "2014.10.10"]

1. e4 c6 2. d4 d6 3. Nf3 Bg4 4. Be2 Nd7 5. h3 Bh5 6. O-O e5 7. dxe5 dxe5 8.
Nbd2 Ngf6 9. c3 Be7 10. Qc2 Qc7 11. Re1 O-O 12. Nf1 h6 13. Ng3 Bg6 14. Nh4 Bh7
15. Nhf5 Nc5 16. f3 Ne6 17. Be3 Bc5 18. Kh1 Bxe3 19. Nxe3 Nf4 20. Bf1 N6h5 21.
Qf2 Nxg3+ 22. Qxg3 Bg6 23. Qf2 Rad8 24. Rad1 Qe7 25. g3 Nh5 26. Ng2 a6 27. g4
Nf4 28. Nxf4 exf4 29. Kg2 b5 30. h4 f6 31. b3 {.....} 0-1

[Event "BPB Limburg open veteranen"]
[Site "Maastricht"]
[Date "2014.06.09"]
[Round "4"]
[White "Schmitz, Martin"]
[Black "Juenger, Leonhard"]
[Result "0-1"]
[WhiteElo "1927"]
[BlackElo "1823"]
[PlyCount "49"]
[EventDate "2014.06.06"]
[EventType "swiss"]
[EventRounds "5"]
[EventCountry "NED"]
[Source "P.Boonen"]
[SourceDate "2014.10.10"]

1. e4 c5 2. Nf3 g6 3. d4 cxd4 4. Bc4 Bg7 5. Nxd4 Nf6 6. e5 Qa5+ 7. c3 Qxe5+ 8.
Be3 O-O 9. Nd2 d5 10. N2f3 Qh5 11. Be2 Bg4 12. h3 Nc6 13. Rh2 Bxf3 14. Nxf3 Qf5
15. g4 Qd7 16. Bd3 e5 17. g5 Nh5 18. Qd2 d4 19. cxd4 Nxd4 20. Nxd4 exd4 21. Be2
Qc7 22. Bxd4 Qxh2 23. Bxg7 Nxg7 24. O-O-O Qc7+ 25. Kb1 0-1

[Event "BPB Limburg open veteranen"]
[Site "Maastricht"]
[Date "2014.06.09"]
[Round "4"]
[White "Schotanus, Fred"]
[Black "Simonis, Peter"]
[Result "1-0"]
[WhiteElo "1805"]
[BlackElo "1672"]
[PlyCount "55"]
[EventDate "2014.06.06"]
[EventType "swiss"]
[EventRounds "5"]
[EventCountry "NED"]
[Source "P.Boonen"]
[SourceDate "2014.10.10"]

1. e4 e6 2. d3 d5 3. Nd2 Nf6 4. g3 dxe4 5. dxe4 e5 6. Bg2 Nc6 7. c3 Be6 8. h3
a5 9. a4 Bc5 10. Ne2 Qd3 11. g4 h6 12. Ng3 O-O-O 13. Bf1 Qd6 14. Qc2 Bb6 15.
Nc4 Bxc4 16. Bxc4 Bxf2+ 17. Kxf2 Qc5+ 18. Be3 Qxc4 19. b3 Qd3 20. Rac1 Qxc2+
21. Rxc2 Rd7 22. Kf3 Ne7 23. Rcc1 g5 24. b4 axb4 25. cxb4 Nc6 26. Rc4 Nd4+ 27.
Kg2 Ne2 28. Nxe2 1-0

[Event "BPB Limburg open veteranen"]
[Site "Maastricht"]
[Date "2014.06.09"]
[Round "5"]
[White "De Wit, Gerrit"]
[Black "Simonis, Peter"]
[Result "1/2-1/2"]
[WhiteElo "1702"]
[BlackElo "1672"]
[PlyCount "112"]
[EventDate "2014.06.06"]
[EventType "swiss"]
[EventRounds "5"]
[EventCountry "NED"]
[Source "P.Boonen"]
[SourceDate "2014.10.10"]

1. e4 e6 2. d4 d5 3. Nd2 c5 4. exd5 Qxd5 5. Ngf3 cxd4 6. Bc4 Qc5 7. Qe2 Nf6 8.
O-O Nc6 9. Nb3 Qd6 10. Rd1 Be7 11. Nbxd4 Qc5 12. Nxc6 bxc6 13. Be3 Qb4 14. Rab1
O-O 15. a3 Qb7 16. b4 Nd5 17. Bxd5 cxd5 18. c4 dxc4 19. Qxc4 Bd7 20. Ne5 Bb5
21. Qg4 Bf6 22. Bd4 Rfd8 23. Ba1 Qe7 24. Rbc1 Ba4 25. Re1 Rd5 26. Nc6 Bxc6 27.
Bxf6 Qxf6 28. Rxc6 Rd2 29. Qg3 Rad8 30. Qe3 h6 31. Rc8 Rxc8 32. Qxd2 Qc3 33.
Qe3 Qxe3 34. fxe3 Rc3 35. Kf2 Rxa3 36. Rd1 Kh7 37. Rd7 Kg6 38. Rb7 Rb3 39. Rxa7
Rxb4 40. h3 h5 41. g3 f6 42. Kf3 e5 43. Ra6 Rb1 44. Rc6 Kf5 45. g4+ hxg4+ 46.
hxg4+ Kg5 47. Rc7 g6 48. Rf7 Rb4 49. e4 Rb1 50. Kf2 Rh1 51. Kg3 Rh4 52. Rxf6
Rxg4+ 53. Kf3 Rxe4 54. Rxg6+ Kxg6 55. Kxe4 Kf6 56. Ke3 Kf5 1/2-1/2

[Event "BPB Limburg open veteranen"]
[Site "Maastricht"]
[Date "2014.06.09"]
[Round "5"]
[White "Klein, Leo"]
[Black "Juenger, Leonhard"]
[Result "1-0"]
[WhiteElo "1937"]
[BlackElo "1823"]
[PlyCount "113"]
[EventDate "2014.06.06"]
[EventType "swiss"]
[EventRounds "5"]
[EventCountry "NED"]
[Source "P.Boonen"]
[SourceDate "2014.10.10"]

1. d4 Nf6 2. Bf4 c5 3. c3 Na6 4. Nd2 d5 5. e3 Qb6 6. Qc1 cxd4 7. exd4 Bd7 8.
Be2 e6 9. Ndf3 Be7 10. Ne5 Bb5 11. a4 Bxe2 12. Nxe2 Qd8 13. O-O O-O 14. Ng3 Rc8
15. Qd1 Nb8 16. Nh5 Nbd7 17. Re1 Nxe5 18. Bxe5 Nxh5 19. Qxh5 Bf6 20. Bf4 g6 21.
Qg4 Re8 22. Re3 h5 23. Qe2 Bg5 24. Bxg5 Qxg5 25. Rg3 Qh6 26. Re1 Kf8 27. Re3
Qg5 28. Re5 Qf6 29. Qe3 Kg7 30. Qg3 Rh8 31. h4 Kh7 32. R1e3 Rc6 33. Rf3 Qe7 34.
Qf4 Kg7 35. Re2 b6 36. Qe5+ Kh7 37. Qxd5 Rd6 38. Rxf7+ Qxf7 39. Qxd6 Re8 40.
Re3 Re7 41. d5 Rd7 42. dxe6 Rxd6 43. exf7 Kg7 44. Rf3 Kf8 45. b3 Rd1+ 46. Kh2
Rb1 47. c4 a6 48. Kg3 b5 49. axb5 axb5 50. cxb5 Rd1 51. Kf4 Kxf7 52. b6 Kg7 53.
Ke5 Rd8 54. Ke6 Rd4 55. b7 Rb4 56. Rf7+ Kg8 57. Rc7 1-0

[Event "BPB Limburg open veteranen"]
[Site "Maastricht"]
[Date "2014.06.09"]
[Round "5"]
[White "Schotanus, Fred"]
[Black "Debusschere, Helmut"]
[Result "0-1"]
[WhiteElo "1805"]
[BlackElo "1769"]
[PlyCount "115"]
[EventDate "2014.06.06"]
[EventType "swiss"]
[EventRounds "5"]
[EventCountry "NED"]
[Source "P.Boonen"]
[SourceDate "2014.10.10"]

1. e4 c5 2. Nc3 Nc6 3. g3 e5 4. Bg2 d6 5. Nge2 Nf6 6. d3 Be7 7. O-O O-O 8. h3
Be6 9. Kh2 a6 10. f4 b5 11. a3 Rc8 12. f5 Bd7 13. g4 h6 14. Ng3 Nh7 15. Nd5 f6
16. h4 Be8 17. Bd2 Bf7 18. Ne3 Kh8 19. Bf3 Nd4 20. Rf2 Nxf3+ 21. Qxf3 c4 22.
Nd5 Bxd5 23. exd5 cxd3 24. Qxd3 Rc4 25. Kh3 Rd4 26. Qb3 Qa8 27. Bb4 Qxd5 28.
Qxd5 Rxd5 29. Ne4 Rc8 30. Re1 Rc4 31. Bc3 Nf8 32. b3 Rc8 33. Kg2 Nd7 34. Bb4
Nc5 35. Nc3 Rd4 36. Kh3 Kg8 37. Rc1 Kf8 38. Rg1 Nb7 39. Ne2 Re4 40. Ng3 Re3 41.
Bd2 Rxg3+ 42. Rxg3 Rxc2 43. Be3 Rxf2 44. Bxf2 d5 45. b4 d4 46. Rd3 Ke8 47. Kg3
Kd7 48. Rd1 Nd6 49. Ra1 Nc4 50. Be1 Kc6 51. Ra2 Bd6 52. Bd2 Kd5 53. g5 hxg5 54.
hxg5 Ke4 55. Kg4 Kd3 56. Bc1 e4 57. gxf6 gxf6 58. Rg2 {.....} 0-1

[Event "BPB Limburg open veteranen"]
[Site "Maastricht"]
[Date "2014.06.09"]
[Round "5"]
[White "Schreinemachers, Jo"]
[Black "Borsten, Chris"]
[Result "0-1"]
[WhiteElo "1478"]
[BlackElo "1522"]
[PlyCount "28"]
[EventDate "2014.06.06"]
[EventType "swiss"]
[EventRounds "5"]
[EventCountry "NED"]
[Source "P.Boonen"]
[SourceDate "2014.10.10"]

1. d4 Nf6 2. c4 e6 3. Nc3 d5 4. Bg5 Be7 5. Nf3 Nc6 6. Rc1 Ne4 7. Bxe7 Nxc3 8.
Bxd8 Nxd1 9. Bxc7 Nxb2 10. cxd5 exd5 11. e3 O-O 12. Bb5 Bf5 13. O-O Bd3 14.
Bxd3 Nxd3 {.....} 0-1

[Event "BPB Limburg open veteranen"]
[Site "Maastricht"]
[Date "2014.06.09"]
[Round "5"]
[White "Van Pol, Thieu"]
[Black "Schmitz, Martin"]
[Result "0-1"]
[WhiteElo "1649"]
[BlackElo "1927"]
[PlyCount "78"]
[EventDate "2014.06.06"]
[EventType "swiss"]
[EventRounds "5"]
[EventCountry "NED"]
[Source "P.Boonen"]
[SourceDate "2014.10.10"]

1. d4 Nf6 2. Bf4 g6 3. e3 Bg7 4. Nd2 d5 5. c3 Nc6 6. Be2 Bf5 7. g4 Bd7 8. g5
Ne4 9. Nxe4 dxe4 10. h4 f6 11. h5 e5 12. gxf6 Qxf6 13. dxe5 Nxe5 14. Qd5 O-O-O
15. h6 Be6 16. Qc5 Nd7 17. Qxa7 Bf8 18. O-O-O Bc5 19. Rxd7 Bxa7 20. Rxc7+ Kb8
21. Rf7+ Qxf4 22. Rxf4 Rhf8 23. Rxe4 Bd5 24. Rhh4 Bxe4 25. Rxe4 Rde8 26. Rxe8+
Rxe8 27. Kd2 Bc5 28. Bd3 Bf8 29. Nf3 Bxh6 30. Nd4 Bg7 31. Nb5 Re6 32. b4 h5 33.
Nd4 Bxd4 34. cxd4 h4 35. Bf1 g5 36. Bh3 Ra6 37. b5 Rxa2+ 38. Ke1 Kc7 39. Kf1
Rb2 {.....} 0-1